00513cam a22001217a 4500008004000000082002200040245012500062260004600187300001000233700003500243999001900278952009400297180718b1965 xxu||||| |||| 00| 0 eng d a.N400x54 In2/1964 aRural policing: background papers of the seminar held on 14th to 16th december, 1964cby Central Police Training College aAbubCntral Police Training Collegec1965 a245p. aCentral Police Training Colleg c493909d493909 00104070aIIPAbIIPAd2018-08-04o.N400x54 In2/1964pGG4183r2018-08-04w2018-08-04yGG